| 000 | 01013cad a22002175a 4500 | ||
|---|---|---|---|
| 001 | L155731 | ||
| 008 | 120412s2012 xxk f 000 0 eng d | ||
| 035 | _a(Sirsi) u155731 | ||
| 041 | 0 | _aeng | |
| 110 | 2 |
_aKnight Frank _91530 |
|
| 245 | 0 | 0 |
_aPrime central London rents fall six months in a row due to poor city job prospects _h[electronic resource] |
| 260 |
_aLondon _cKnight Frank _b2012 |
||
| 490 | 0 |
_aKnight Frank Prime Central London Residential Index _vMarch 2012 |
|
| 520 | _aPrime central London rents fell by 0.1% in March 2012, the six consecutive monthly decease. Low hiring activity and weakening job prospects in City of London's financial and business sector regarded as main reason for rental decline. | ||
| 590 | _aKA NTK | ||
| 650 | 2 | 4 | _aKnight Frank Prime Central London Rental Index |
| 651 | 4 | _aUNITED KINGDOM | |
| 690 |
_aResidential property _96266 |
||
| 856 | 4 | 0 |
_uhttps://knightfrank.com/research/ _zView the item free of charge under research at knightfrank.com/research |
| 942 | _n0 | ||
| 999 |
_c113779 _d113779 |
||